000 00711cam a2200229Ia 4500
999 _c4368
_d4368
001 43250
003 GBCCL
005 20241126110517.0
008 740117s1969 nbuc 00010 eng d
035 _aOCM00777959
040 _aBSC
_cBSC
_dLBB
049 _aLBBK
_c1-2
_v1-2
_aLBBA
_v1
_aLBBC
_v1
082 _a228.007
_bEPP
092 _a228.07
_bE63
100 1 _aEpp, Theodore H.,
_d1907-
_9405
245 1 0 _aPractical studies in Revelation /
_cby Theodore H. Epp.
260 _aLincoln, Neb. :
_bBack to the Bible Broadcast,
_cc1969.
300 _a2 v. :
_bport. ;
_c22 cm.
500 _aSubtitle of vol. 1: Christ and the church.
630 0 0 _aBible.
_pN.T.
_pRevelation
_xCommentaries.
_98161
942 _2ddc
_cBK
_020